| 000 | 01576nam0a2200361 4500 | ||
|---|---|---|---|
| 001 | RU\NLR\BIBL_A\012385219 | ||
| 005 | 20201111162907.0 | ||
| 010 |
_a978-5-94789-931-3 _9300 |
||
| 021 |
_aRU _bКН-П-20-039345 _9КН-П-20-2977 |
||
| 035 | _a(NLR Aleph) 012385219 | ||
| 035 | _a(RuMoRGB)010371050 | ||
| 090 |
_a11647839 _c11647839 |
||
| 100 | _a20201022d2020 u y0rusy50 ca | ||
| 101 | 0 | _arus | |
| 102 | _aRU | ||
| 105 | _aa|||z|||000zy | ||
| 181 | 0 |
_ai _baxxe |
|
| 182 | 0 | _an | |
| 200 | 1 |
_aВрач и больной в эпоху социализма в СССР, в современной России и при капитализме _fА. Е. Цикулин |
|
| 203 |
_aТекст _bвизуальный _cнепосредственный |
||
| 210 |
_aМосква _c[б. и.] _aТверь _cТриада _d2020 |
||
| 215 |
_a237, [1] с. _cтабл. _d20 |
||
| 300 | _aНа 4-й с. обл. авт.: Цикулин А. Е. - д-р мед. наук, проф. | ||
| 320 | _aБиблиогр.: с. 237-238 (10 назв.) | ||
| 606 | 1 |
_aВрачи _xПрофессиональная деятельность _yСССР _2nlr_sh2 _3RU\NLR\AUTH\6601677937 |
|
| 606 | 1 |
_aВрачи _xПрофессиональная деятельность _yРоссийская Федерация _2nlr_sh2 _3RU\NLR\AUTH\6601677938 |
|
| 686 | 1 | _aР11(2)п91 | |
| 700 | 1 |
_aЦикулин _bА. Е. _f1955- _gАлександр Евгеньевич |
|
| 942 | _cBOOK | ||
| 980 | _aNBR | ||
| 980 | _aNB | ||